000 01005nam a22002657a 4500
999 _c61029
_d61029
005 20251125233054.0
008 s2553 th tha d
020 _a9789747742121
040 _aNALT
041 _atha
050 _aHG4026 ก131ว 2553
100 0 _aกมล กมลตระกูล
245 1 0 _aวิธีเก็งกำไรการเงินโลก
260 3 _aกรุงเทพฯ :
_bสถาบันวิถีทรรศน์,
_c2553
300 _a160 หน้า ;
_b 21 ซม.
650 0 4 _aตลาดเงินตราต่างประเทศ
650 0 4 _aกองทุนรวม
650 0 4 _aการเคลื่อนย้ายเงินทุน
650 0 4 _aการลงทุน
650 0 4 _aการเงิน
850 _aNALT
856 4 0 _uhttps://hdl.handle.net/20.500.14156/338161
_71
942 _cGB
_01
_2lcc